LIBRARY & INFORMATION CENTRE, KCAET, TAVANUR

ONLINE PUBLIC ACCESS CATALOGUE (OPAC)

Nuclear physics / (Record no. 7552)

MARC details
000 -LEADER
fixed length control field 00434cam a2200181ua 4500
041 ## - LANGUAGE CODE
Language code of text/sound track or separate title eng
082 ## - DEWEY DECIMAL CLASSIFICATION NUMBER
Classification number 539.7
Item number KAP/NU
100 ## - MAIN ENTRY--AUTHOR NAME
Personal name Kaplan, Irving .
245 ## - TITLE STATEMENT
Title Nuclear physics /
250 ## - EDITION STATEMENT
Edition statement 2 /
260 ## - PUBLICATION, DISTRIBUTION, ETC. (IMPRINT)
Place of publication Mumbai :
Name of publisher Oxford & IBH Book Company ,
Year of publication 1962.
300 ## - PHYSICAL DESCRIPTION
Number of Pages 769 ; .
942 ## - ADDED ENTRY ELEMENTS (KOHA)
Koha item type Books
Holdings
Withdrawn status Lost status Damaged status Home library Current library Date acquired Full call number Accession Number Koha item type
      KAUAET KAUAET 07/04/2012 539.7 KAP/NU 17755 Books
free website counter